Tư tưởng Hồ Chí Minh về giáo dục
Tìm hiểu vị trí, vai trò của giáo dục và đào tạo ở Việt Nam cũng như những tư tưởng, quan điểm phát triển nền giáo dục của Bác Hồ. Tập hợp một số bài thơ, thư, bài nói chuyện về phát triển giáo dục và đào tạo của Bác Hồ
Spremljeno u:
| Daljnji autori: | , |
|---|---|
| Format: | Knjiga |
| Jezik: | Vietnamese |
| Izdano: |
H.
Lao động
2006
|
| Teme: | |
| Oznake: |
Dodaj oznaku
Bez oznaka, Budi prvi tko označuje ovaj zapis!
|
| Thư viện lưu trữ: | Mạng thư viện Đại học Đà Nẵng |
|---|
| LEADER | 01508aam a22003738a 4500 | ||
|---|---|---|---|
| 001 | 000007446 | ||
| 003 | 3608 | ||
| 005 | 20111004151045.0 | ||
| 008 | 111004s2006 viesd | ||
| 020 | |c 248000đ |d 2430b | ||
| 041 | |a vie | ||
| 082 | |2 14 |a 335.516 |b Tưt | ||
| 084 | |b T550T | ||
| 084 | |a A377:U34 | ||
| 245 | |a Tư tưởng Hồ Chí Minh về giáo dục |c Lê Văn Yên (ch.b) ; Vũ Văn Gầu.. | ||
| 260 | |a H. |b Lao động |c 2006 | ||
| 300 | |a 579 tr. |c 27 cm | ||
| 520 | |a Tìm hiểu vị trí, vai trò của giáo dục và đào tạo ở Việt Nam cũng như những tư tưởng, quan điểm phát triển nền giáo dục của Bác Hồ. Tập hợp một số bài thơ, thư, bài nói chuyện về phát triển giáo dục và đào tạo của Bác Hồ | ||
| 650 | 7 | |2 Bộ TK TVQG |a Giáo dục | |
| 650 | 7 | |2 Bộ TK TVQG |a Đào tạo | |
| 650 | 7 | |2 Bộ TK TVQG |a Tư tưởng Hồ Chí Minh | |
| 700 | 1 | |a Lê Văn Yên |e ch.b | |
| 700 | 0 | |a Vũ Văn Gầu | |
| 910 | |a Nguyễn Thị Kim Oanh |d 04/10/2011 | ||
| OWN | |a LSP | ||
| AVA | |a UDN50 |b LSP |d 335.516 Tưt |e available |t Error 5001 Not defined in file expand_doc_bib_avail. |f 2 |g 0 |h N |i 0 |k 1 | ||
| 999 | |a From the UDN01 | ||
| AVA | |a UDN50 |b LSP |d 335.516 Tưt |e available |t Error 5001 Not defined in file expand_doc_bib_avail. |f 2 |g 0 |h N |i 0 |k 1 | ||
| TYP | |a Monograph | ||
| TYP | |a Printed language | ||
| 980 | |a Mạng thư viện Đại học Đà Nẵng | ||